[Event "Campeonato de Aragon por Equipos 2009"]
[Site "Aragon"]
[Date "2009.02.28"]
[Round "5.23"]
[White "Cerrajeria Ruiz Jesus Maria"]
[Black "Sierra Aguerri Joaquin"]
[Result "1-0"]
[WhiteElo "2079"]
[BlackElo "1990"]

1.Nf3 Nf6 2.g3 e6 3.Bg2 d5 4.O-O Be7 5.d3 b6 6.e4 dxe4 7.Ng5 Bb7 8.Nc3 Qc8 9.
Ncxe4 Nbd7 10.Qf3 Rb8 11.Qf4 h6 12.Nxf6+ Nxf6 13.Nf3 O-O 14.a4 a5 15.Re1 Nd5
16.Qg4 Nf6 17.Qh3 Nh7 18.Ne5 Bf6 19.Bxb7 Rxb7 20.Nc6 Re8 21.d4 Qd7 22.Qg2 Qc8
23.Ra3 Be7 24.Rae3 Nf6 25.c4 Ng4 26.R3e2 Bb4 27.Rd1 Bd6 28.Qf3 h5 29.h3 Nf6
30.Bg5 Nd7 31.Qxh5 Nb8 32.Qf3 Nxc6 33.Qxc6 Qa8 34.d5 e5 35.f4 f6 36.fxe5 fxg5
37.exd6 Rxe2 38.dxc7 Qc8 39.d6 Rxc7 40.dxc7 Re6 41.Rd8+ Kh7 42.Qxb6 Rxb6 43.
Rxc8 Rc6 44.b3 Kg6 45.Kf2 Kf7 46.Ke3 Ke7 47.Rg8 1-0

[Event "Campeonato de Aragon por Equipos 2009"]
[Site "Aragon"]
[Date "2009.02.28"]
[Round "5.24"]
[White "Sancho Casale Jesus"]
[Black "Osorio Marin Alejandro"]
[Result "0-1"]
[WhiteElo "1901"]
[BlackElo "1977"]

1.e4 d5 2.exd5 Qxd5 3.Nc3 Qd8 4.Bc4 c6 5.d4 Bf5 6.Nf3 e6 7.O-O Nf6 8.Ne2 Bd6
9.Bf4 O-O 10.Bxd6 Qxd6 11.Ng3 Bg4 12.c3 c5 13.dxc5 Qxc5 14.Be2 e5 15.Qc2 Nc6
16.Ne4 Nxe4 17.Qxe4 Bh5 18.Rfd1 Bg6 19.Qd5 Qb6 20.Qb5 Rfd8 21.Qxb6 axb6 22.
Rxd8+ Rxd8 23.Rd1 Rxd1+ 24.Bxd1 Kf8 25.Ne1 f6 26.Bc2 Bf7 27.b3 Ke7 28.f3 Kd6
29.Kf2 g6 30.Ke3 Ne7 31.Nd3 Nd5+ 32.Kd2 Be6 33.Nb4 Nxb4 34.cxb4 f5 35.Bd3 Bd5
36.Bc4 Kc6 37.Ke3 Kd6 38.h4 h6 39.g4 h5 40.gxh5 gxh5 41.Bd3 Be6 42.Bb5 Bd7 43.
Be2 Be8 44.Kd2 Bf7 45.Kc3 Ke7 46.b5 Kd6 47.a4 Kc5 48.b4+ Kd6 49.a5 bxa5 50.
bxa5 Kc5 51.Kd2 Be8 52.b6 Bf7 53.Kc3 Be8 54.Bd3 Bd7 55.Bc4 e4 56.fxe4 fxe4 57.
Kd2 Bc8 58.Kc3 Bd7 59.Be2 Be8 60.Kb3 Bf7+ 61.Kc3 Be8 62.Bc4 e3 63.Kb3 Bc6 64.
Be2 Bb5 65.Bxh5 e2 66.Bxe2 Bxe2 67.a6 Bxa6 68.h5 Bd3 69.h6 Kxb6 70.Kb4 Kc6 0-1

[Event "Campeonato de Aragon por Equipos 2009"]
[Site "Aragon"]
[Date "2009.02.28"]
[Round "5.25"]
[White "Horton Justin"]
[Black "Ruiz Diez Julio Cesar"]
[Result "0-1"]
[WhiteElo "2137"]
[BlackElo "2299"]

1.d4 Nf6 2.Nf3 d5 3.c4 e6 4.Nc3 Be7 5.Bg5 O-O 6.e3 Nbd7 7.Rc1 c6 8.Bd3 dxc4 9.
Bxc4 b6 10.O-O Bb7 11.Qe2 Nd5 12.Bxe7 Nxc3 13.Rxc3 Qxe7 14.Ba6 Bxa6 15.Qxa6 c5
16.Rfc1 e5 17.Qb7 Qd6 18.dxe5 Nxe5 19.Nxe5 Qxe5 20.Rd1 Rad8 21.Rf1 Rd2 22.Qxa7
Rxb2 23.Rb3 Qf6 24.Qa3 Rd2 25.Qa6 Rd6 26.a4 Rfd8 27.a5 bxa5 28.Qxa5 c4 29.Rc3
Rc8 30.h3 h6 31.Qb4 Rb6 32.Qa5 Rb2 33.Qa3 Ra2 34.Qb4 Qa6 35.Rfc1 Ra4 36.Qe7
Ra1 37.Qd7 Rxc1+ 38.Rxc1 c3 39.Kh2 c2 40.Qd2 Qa4 41.g3 Qb3 42.Qd7 Qc3 43.Qd4
Qa3 44.Qd7 Rc5 45.Qd8+ Kh7 46.Qd2 Qb2 47.Kg2 Qb7+ 48.Kh2 Qc6 49.Qd3+ g6 50.h4
Rc3 51.Qd4 Rb3 52.Qd2 Rb1 53.Qe1 Rxc1 54.Qxc1 Qc3 55.h5 gxh5 56.e4 Kg7 57.e5
Qc5 58.f4 Qf2+ 59.Kh3 Qc5 60.f5 Qf2 61.f6+ Kg6 62.Qa3 Qf5+ 63.Kh2 Qf2+ 64.Kh3
Qf1+ 0-1

[Event "Campeonato de Aragon por Equipos 2009"]
[Site "Aragon"]
[Date "2009.02.28"]
[Round "5.26"]
[White "Glaria Murillo Christian"]
[Black "Abos Rosico Antonio"]
[Result "1-0"]
[WhiteElo "2154"]
[BlackElo "2047"]

1.e4 d6 2.d4 Nf6 3.Nc3 g6 4.Bg5 Bg7 5.Qd2 c6 6.Bh6 O-O 7.f3 b5 8.O-O-O Qa5 9.
Kb1 b4 10.Nce2 e5 11.h4 Be6 12.Nc1 exd4 13.Bxg7 Kxg7 14.Qxd4 c5 15.Qxd6 c4 16.
h5 Nbd7 17.hxg6 hxg6 18.Qd2 Rh8 19.Rxh8 Rxh8 20.Nge2 c3 21.bxc3 Rb8 22.Nb3 Qa3
23.cxb4 Nb6 24.Ned4 Na4 25.c3 Bxb3 26.axb3 a5 27.bxa4 axb4 28.c4 b3 29.Qb2
Qxa4 30.Rc1 Kg8 31.Rc3 Qd7 32.Rd3 Qa4 33.Rxb3 1-0

[Event "Campeonato de Aragon por Equipos 2009"]
[Site "Aragon"]
[Date "2009.02.28"]
[Round "5.27"]
[White "Gonzalez Gambau Jorge"]
[Black "Jimenez Fernandez Alejandro"]
[Result "1-0"]
[WhiteElo "2033"]
[BlackElo "1984"]

1.e4 c6 2.d4 d5 3.e5 c5 4.dxc5 Nc6 5.Bb5 e6 6.Be3 Bd7 7.Bxc6 Bxc6 8.Nf3 Ne7 9.
Nd4 Qc7 10.f4 g5 11.Qh5 Ng6 12.Qxg5 Be7 13.Qg4 Bxc5 14.Nxe6 fxe6 15.Bxc5 Bd7
16.Bd6 Qxc2 17.O-O Qxb2 18.Na3 Qd4+ 19.Kh1 a6 20.Qg5 Qe4 21.f5 Qh4 22.Qe3 Nf8
23.fxe6 Nxe6 24.Qf3 Nd8 25.Qf8+ 1-0

[Event "Campeonato de Aragon por Equipos 2009"]
[Site "Aragon"]
[Date "2009.02.28"]
[Round "5.28"]
[White "Garcia Monterde Francisco Jose"]
[Black "Perez Puyal Jose J"]
[Result "1/2-1/2"]
[WhiteElo "1929"]
[BlackElo "1867"]

1.c4 c6 2.g3 Nf6 3.Bg2 d5 4.d4 g6 5.Nf3 Bg7 6.Nc3 O-O 7.O-O Nbd7 8.b3 Ne4 9.
Nxe4 dxe4 10.Ng5 Nf6 11.Nxe4 Nxe4 12.Bxe4 Bh3 13.Bg2 Bxg2 14.Kxg2 Qxd4 15.Qxd4
Bxd4 16.Bh6 Bxa1 17.Bxf8 Kxf8 18.Rxa1 Rd8 19.Kf3 Rd2 20.Ke3 Rb2 21.Rd1 Rxa2
22.Rd8+ Kg7 23.Rd7 b6 24.Rxe7 Kf6 25.Rd7 Ke6 26.Rd3 h5 27.Kf3 a5 28.Re3+ Kd6
29.Ke4 Kc5 30.Ke5 Rd2 31.Kf6 Rd7 32.Re8 Ra7 33.e4 b5 34.cxb5 cxb5 35.Rc8+ Kb4
36.Rb8 Kxb3 37.Rxb5+ Kc4 38.Rb1 a4 39.e5 a3 40.h4 a2 41.Ra1 Kd5 42.f4 Ke4 43.
e6 fxe6 44.Kxg6 Kf3 45.Kxh5 Kxg3 46.f5 exf5 47.Kg6 Kxh4 48.Kxf5 Ra4 49.Ke5 Kg3
50.Kd5 Kf3 51.Kc5 Ke3 52.Kb5 Ra7 53.Kb4 Kd3 54.Kb3 Rb7+ 55.Ka3 Kc3 56.Rc1+ Kd2
57.Rh1 Ra7+ 58.Kb2 Kd3 59.Rd1+ Kc4 60.Rc1+ Kb4 61.Rh1 1/2-1/2

[Event "Campeonato de Aragon por Equipos 2009"]
[Site "Aragon"]
[Date "2009.02.28"]
[Round "5.29"]
[White "Chueca Forcen Alberto"]
[Black "Hinojar Basa Alfonso"]
[Result "1-0"]
[WhiteElo "2278"]
[BlackElo "2216"]

1.d4 Nf6 2.Bg5 e6 3.e4 h6 4.Bxf6 Qxf6 5.Nc3 Bb4 6.Qd2 c5 7.e5 Qe7 8.a3 cxd4 9.
axb4 dxc3 10.Qxc3 O-O 11.Nf3 d5 12.exd6 Qxd6 13.Bd3 Nc6 14.Ra4 Qf4 15.O-O Bd7
16.Rfa1 b5 17.Bxb5 Rac8 18.Qe3 Qb8 19.c4 Rfd8 20.Bxc6 Bxc6 21.b5 Bxf3 22.Qxf3
Qe5 23.b3 Rd7 24.g3 Rcc7 25.Kg2 Qc5 26.Rd1 Rd4 27.Rxd4 Qxd4 28.Qe3 Qxe3 29.
fxe3 Kf8 30.Kf3 Ke7 31.Ra6 Kf6 32.Ke4 Kg5 33.h3 h5 34.Rc6 Rb7 35.b4 h4 36.g4
f5+ 37.gxf5 exf5+ 38.Kf3 g6 39.Re6 Kh5 40.Kf4 g5+ 41.Kxf5 Rf7+ 42.Ke4 Rf1 43.
Re7 Rb1 44.Rxa7 Rxb4 45.Kf5 Kh6 46.Ra6+ Kg7 47.Rc6 1-0

[Event "Campeonato de Aragon por Equipos 2009"]
[Site "Aragon"]
[Date "2009.02.28"]
[Round "5.30"]
[White "Portero Garnica Miguel Angel"]
[Black "Melendez Fierro Juan Bautista"]
[Result "1-0"]
[WhiteElo "2179"]
[BlackElo "2249"]

1.e4 e6 2.d4 d5 3.e5 c5 4.Nf3 Nc6 5.Bd3 cxd4 6.O-O Nge7 7.Bf4 Ng6 8.Bg3 Be7 9.
Nbd2 Bd7 10.a3 a5 11.Nb3 Qb6 12.a4 f5 13.exf6 Bxf6 14.Re1 Kf7 15.h4 Nge7 16.
Bd6 Nf5 17.Bc5 Qd8 18.Bxf5 exf5 19.Nbxd4 Re8 20.Rxe8 Qxe8 21.Nb5 Be5 22.Qxd5+
Be6 23.Nxe5+ Nxe5 24.Qxe5 1-0

[Event "Campeonato de Aragon por Equipos 2009"]
[Site "Aragon"]
[Date "2009.02.28"]
[Round "5.31"]
[White "Palacios Latasa Elias"]
[Black "Fabre Perez Jose Maria"]
[Result "1-0"]
[WhiteElo "2192"]
[BlackElo "2092"]

1.e4 e6 2.d4 d5 3.Nc3 Nf6 4.Bg5 dxe4 5.Nxe4 Be7 6.Bxf6 gxf6 7.g3 Bd7 8.Bg2 Bc6
9.f3 h5 10.Ne2 h4 11.O-O f5 12.N4c3 Bd6 13.Re1 Qg5 14.f4 Bxf4 15.Nxf4 hxg3 16.
d5 Qxf4 17.hxg3 Qxg3 18.dxc6 Nxc6 19.Qf3 Qh2+ 20.Kf1 O-O-O 21.Rad1 Rdg8 22.Re2
Rh4 23.Ke1 Rf4 24.Qe3 Qh4+ 25.Rf2 Rgg4 26.Bxc6 bxc6 27.Qxa7 Rg1+ 28.Ke2 Qg4+
29.Ke3 Re4+ 30.Nxe4 Qxe4+ 31.Kd2 Qd5+ 32.Kc3 Rxd1 33.Qe3 Qa5+ 34.Kb3 Qb5+ 35.
Ka3 Qa5+ 36.Kb3 Qb6+ 37.Qxb6 cxb6 38.a4 Kd7 39.Kc4 Kd6 40.b4 Ra1 41.Rd2+ Ke5
42.Kb3 f4 43.c4 Rb1+ 44.Kc3 Re1 45.a5 Rc1+ 46.Kb2 Rxc4 47.Kb3 b5 48.a6 c5 49.
bxc5 Ra4 50.c6 Rxa6 51.c7 Rc6 52.Rc2 Rxc7 53.Rxc7 f5 54.Kc3 Ke4 55.Kd2 e5 56.
Rb7 f3 57.Rxb5 Kf4 58.Ke1 e4 59.Kf1 e3 60.Rb4+ Kg3 61.Rb5 Kf4 62.Rb4+ Kg3 63.
Rb8 Kf4 64.Re8 e2+ 65.Kf2 Kg4 66.Re3 f4 67.Re8 1-0

[Event "Campeonato de Aragon por Equipos 2009"]
[Site "Aragon"]
[Date "2009.02.28"]
[Round "5.32"]
[White "Ruiperez Ramon"]
[Black "Sanmartin Agustin Borja"]
[Result "1-0"]
[WhiteElo "1834"]
[BlackElo "2044"]

1.e4 c5 2.Nf3 d6 3.d4 cxd4 4.Nxd4 Nf6 5.Nc3 Nc6 6.Bg5 e6 7.Bxf6 gxf6 8.Bc4 Qb6
9.Nxc6 bxc6 10.Bb3 Ba6 11.Qh5 Ke7 12.O-O-O Qxf2 13.Kb1 Rg8 14.Rxd6 Rg5 15.Rd7+
Kxd7 16.Qxf7+ Kd6 17.e5+ Rxe5 18.Rd1+ Kc5 19.Na4+ Kb5 20.Nc3+ Kc5 21.Qc7 Re1
22.Qa5+ 1-0

[Event "Campeonato de Aragon por Equipos 2009"]
[Site "Aragon"]
[Date "2009.02.28"]
[Round "5.33"]
[White "Soriano Ascaso Ignacio"]
[Black "Guetas Sanchez Hugo"]
[Result "1/2-1/2"]
[WhiteElo "2164"]
[BlackElo "2144"]

1.e4 c5 2.Nf3 Nc6 3.d4 cxd4 4.Nxd4 Nf6 5.Nc3 e5 6.Ndb5 d6 7.Bg5 a6 8.Na3 b5 9.
Nd5 Be7 10.Bxf6 Bxf6 11.c3 O-O 12.Nc2 Bg5 13.Nce3 Bb7 14.Be2 Bxe3 15.Nxe3 Ne7
16.Bf3 Qb6 17.O-O Rad8 18.a4 f5 19.exf5 Nxf5 20.Nxf5 Rxf5 21.Bd5+ Kh8 22.Qb3
Bxd5 23.Qxd5 bxa4 24.Rxa4 Qxb2 25.Rxa6 Qxc3 26.Rxd6 Rdf8 27.Rd8 Qc7 28.Rxf8+
Rxf8 29.Re1 Qb6 30.Qd2 Rb8 31.h3 1/2-1/2

[Event "Campeonato de Aragon por Equipos 2009"]
[Site "Aragon"]
[Date "2009.02.28"]
[Round "5.34"]
[White "Sig Vargas Marcos"]
[Black "Valles Mata David"]
[Result "1/2-1/2"]
[WhiteElo "2131"]
[BlackElo "2123"]

1.e4 d5 2.exd5 Nf6 3.d4 Bg4 4.f3 Bf5 5.Bb5+ Nbd7 6.c4 a6 7.Bxd7+ Qxd7 8.Nc3 e6
9.dxe6 Qxe6+ 10.Qe2 O-O-O 11.Qxe6+ Bxe6 12.d5 Bf5 13.Be3 Bb4 14.Ne2 Rhe8 15.
Kf2 Bd3 16.b3 b5 17.cxb5 axb5 18.Rhd1 Bxe2 19.Nxe2 Rxd5 20.Rxd5 Nxd5 21.Bd4 f6
22.Rc1 Kb7 23.Bc5 Bxc5+ 24.Rxc5 c6 25.Rc2 Kb6 26.Nc3 Nxc3 27.Rxc3 c5 28.a4
bxa4 29.bxa4 Ra8 30.Rc4 Rc8 31.Ke3 g6 32.Ke4 Rd8 33.g4 Rd1 34.h4 Kc6 35.h5
gxh5 36.gxh5 Rd5 37.h6 Rh5 38.Kd3 Rxh6 39.Rf4 Kb6 40.Kc4 Rg6 41.Rf5 Ka5 42.
Rxc5+ Kxa4 43.Rc7 Ka5 44.Rxh7 1/2-1/2

[Event "Campeonato de Aragon por Equipos 2009"]
[Site "Aragon"]
[Date "2009.02.28"]
[Round "5.35"]
[White "Lopez Alaya Carlos"]
[Black "Andreu Sin Raul"]
[Result "1/2-1/2"]
[WhiteElo "2013"]
[BlackElo "2055"]

1.a3 e5 2.b4 Nf6 3.Bb2 d6 4.e3 c6 5.d4 Nbd7 6.Nf3 Qc7 7.dxe5 Nxe5 8.Nxe5 dxe5
9.Bc4 Bf5 10.O-O Rd8 11.Qe2 Be7 12.Nc3 O-O 13.Rad1 Rxd1 14.Rxd1 Rd8 15.Rxd8+
Qxd8 16.e4 Bg6 17.Qd3 Qxd3 18.Bxd3 1/2-1/2

[Event "Campeonato de Aragon por Equipos 2009"]
[Site "Aragon"]
[Date "2009.02.28"]
[Round "5.36"]
[White "Sig Vargas Pablo"]
[Black "Cuello Borau Jorge"]
[Result "1/2-1/2"]
[WhiteElo "1955"]
[BlackElo "1904"]

1.e4 d6 2.d4 e5 3.dxe5 dxe5 4.Qxd8+ Kxd8 5.Nf3 f6 6.Be3 c6 7.Nc3 Kc7 8.O-O-O
Be6 9.Nd2 b6 10.Bc4 Bxc4 11.Nxc4 Nd7 12.Rd2 Bb4 13.Rhd1 Rd8 14.Rd3 Ne7 15.a3
Bc5 16.Bxc5 Nxc5 17.Rxd8 Rxd8 18.Rxd8 Kxd8 19.b4 Ne6 20.b5 cxb5 21.Nxb5 a6 22.
Nc3 b5 23.Ne3 Kc7 24.a4 bxa4 25.Nxa4 Kc6 26.Nb2 Nc8 27.Nbc4 Nd6 28.Nxd6 Kxd6
1/2-1/2

[Event "Campeonato de Aragon por Equipos 2009"]
[Site "Aragon"]
[Date "2009.02.28"]
[Round "5.37"]
[White "Ramiro Ovejero Juan Luis"]
[Black "Casado Dominguez Juan Manuel"]
[Result "1-0"]
[WhiteElo "2345"]
[BlackElo "2180"]

1.e4 e5 2.Nf3 Nc6 3.Bc4 Bc5 4.d3 Nf6 5.Nc3 d6 6.Bg5 h6 7.Bxf6 Qxf6 8.Nd5 Qd8
9.c3 Ne7 10.d4 exd4 11.cxd4 Bb6 12.O-O Nxd5 13.Bxd5 O-O 14.h3 c6 15.Bb3 Qf6
16.Qd3 Bc7 17.Rfe1 b6 18.Rac1 Bb7 19.e5 dxe5 20.dxe5 Qd8 21.Qe4 Rb8 22.e6 fxe6
23.Bxe6+ Kh8 24.Nh4 Rf6 25.Ng6+ Rxg6 26.Qxg6 Qd6 27.g3 Rf8 28.Bf5 Qxg6 29.Bxg6
Bd6 30.Re8 Rxe8 31.Bxe8 Bc5 32.Bg6 Kg8 33.Rd1 Ba6 34.Rd8+ Bf8 35.Ra8 Bc4 36.
Rxa7 Bd5 37.a4 b5 38.a5 c5 39.a6 c4 40.Rd7 Be4 41.Bxe4 1-0

[Event "Campeonato de Aragon por Equipos 2009"]
[Site "Aragon"]
[Date "2009.02.28"]
[Round "5.38"]
[White "Hernandez Delgado Gabriel"]
[Black "Alonso Fernandez Revuelta Rodri"]
[Result "0-1"]
[WhiteElo "2023"]
[BlackElo "2129"]

1.Nf3 d5 2.c4 c6 3.e3 Nf6 4.Qc2 g6 5.b3 Bg7 6.Bb2 O-O 7.Nc3 Bf5 8.d3 Na6 9.Rd1
Qa5 10.e4 dxe4 11.Nd2 exd3 12.Qb1 Nb4 13.Rc1 Nc2+ 14.Kd1 Ng4 15.Nce4 Bxe4 16.
Nxe4 Qe1# 0-1

[Event "Campeonato de Aragon por Equipos 2009"]
[Site "Aragon"]
[Date "2009.02.28"]
[Round "5.39"]
[White "Galvez Perez Jose Luis"]
[Black "Machin Torcal Eduardo"]
[Result "1-0"]
[WhiteElo "2072"]
[BlackElo "1896"]

1.c4 c5 2.g3 g6 3.Bg2 Bg7 4.Nc3 Nc6 5.e3 d6 6.Nge2 Nf6 7.O-O Be6 8.Nd5 O-O 9.
d4 cxd4 10.exd4 Bg4 11.f3 Bc8 12.Re1 e6 13.Ndc3 d5 14.c5 a6 15.Bf4 Nd7 16.Bd6
Re8 17.a3 Qf6 18.Kh1 Nxd4 19.Nxd4 Qxd4 20.Nxd5 Ra7 21.Ne7+ Kh8 22.Qxd4 Bxd4
23.c6 Nf6 24.f4 b6 25.Rad1 Bc5 26.Nxc8 Rxc8 27.Be5 Be7 28.Rd7 Rxd7 29.cxd7 Rc2
30.Rd1 Kg7 31.Bb7 Bd8 32.g4 Kf8 33.Bxf6 1-0

[Event "Campeonato de Aragon por Equipos 2009"]
[Site "Aragon"]
[Date "2009.02.28"]
[Round "5.40"]
[White "Requena Munguira Jorge"]
[Black "Carraminana Lopez Luis Antonio"]
[Result "1-0"]
[WhiteElo "1859"]
[BlackElo "1961"]

1.d4 Nf6 2.c4 e6 3.Nf3 d5 4.Nc3 dxc4 5.a4 c5 6.Bg5 Nc6 7.dxc5 Qxd1+ 8.Rxd1
Bxc5 9.Bxf6 gxf6 10.e3 Rg8 11.Ne4 Bb4+ 12.Nfd2 Ke7 13.Bxc4 Rg4 14.O-O f5 15.f3
Rg8 16.Nf2 Ne5 17.Be2 Bd7 18.b3 Bc6 19.Kh1 Bd5 20.e4 fxe4 21.fxe4 Bc6 22.Nf3
Ng4 23.Nxg4 Rxg4 24.Ne5 Rxe4 25.Rxf7+ Ke8 26.Bh5 Rxe5 27.Rf5+ Ke7 28.Rxe5 Bd6
29.Re3 Bc5 30.Rh3 Be4 31.Bf3 Bf5 32.Bxb7 Rb8 33.Rc3 Rxb7 34.Rxc5 Rxb3 35.Rc7+
Kf6 36.Rxa7 Rb2 37.h4 Be4 38.Rg1 Rb3 39.Kh2 h5 40.Rf1+ Ke5 41.Rf2 Ra3 42.a5
Kd4 43.Rb2 e5 44.Rb6 Ra2 45.Rg7 Rxa5 46.Rh6 Bd5 47.Rxh5 e4 48.Rgg5 e3 49.Rxd5+
Rxd5 50.Rxd5+ Kxd5 51.Kg1 Ke4 52.Kf1 Kf4 53.Ke2 Kg4 54.g3 1-0

[Event "Campeonato de Aragon por Equipos 2009"]
[Site "Aragon"]
[Date "2009.02.28"]
[Round "5.41"]
[White "Martinez Asensio Juan M"]
[Black "Juberias Segura Santiago"]
[Result "1/2-1/2"]
[WhiteElo "2180"]
[BlackElo "2125"]

1.e4 e5 2.Nf3 Nf6 3.Nxe5 d6 4.Nf3 Nxe4 5.Nc3 Nxc3 6.dxc3 Be7 7.Bf4 Bg4 8.Qd2
Nd7 9.O-O-O O-O 10.Re1 Bf6 11.Nd4 Ne5 12.f3 Bd7 13.Kb1 Re8 14.Bd3 Nxd3 15.Qxd3
Bxd4 16.Rxe8+ Qxe8 17.cxd4 Qe7 18.Qe3 Qxe3 19.Bxe3 Re8 20.Re1 f5 1/2-1/2

[Event "Campeonato de Aragon por Equipos 2009"]
[Site "Aragon"]
[Date "2009.02.28"]
[Round "5.42"]
[White "Antonano Fernandez Avelino"]
[Black "Martin Catalan Juan Vicente"]
[Result "1/2-1/2"]
[WhiteElo "2102"]
[BlackElo "2114"]

1.e4 c5 2.Nf3 Nc6 3.d4 cxd4 4.Nxd4 g6 5.c4 Nf6 6.Nc3 Nxd4 7.Qxd4 d6 8.Be3 Bg7
9.Be2 O-O 10.Qd2 Be6 11.O-O Qa5 12.Rac1 Rfc8 13.b3 a6 14.Bf3 Rab8 15.a4 Nd7
16.Ba7 Nc5 17.Bxc5 Rxc5 18.Be2 b5 19.axb5 axb5 20.Nb1 bxc4 21.Bxc4 Bxc4 22.
Qxa5 Rxa5 23.bxc4 Ra1 24.g3 Bd4 25.Rcd1 e5 26.Nd2 Ra2 27.Nf3 Bc5 28.Rd2 Rxd2
29.Nxd2 Rb2 30.Rd1 Rc2 31.Kf1 Bb4 32.Ke2 Kf8 33.Kd3 Ra2 34.f4 Ra3+ 35.Ke2 exf4
36.gxf4 Bxd2 37.Rxd2 Ke7 38.Rd3 Ra2+ 39.Rd2 Ra3 1/2-1/2

[Event "Campeonato de Aragon por Equipos 2009"]
[Site "Aragon"]
[Date "2008.02.28"]
[Round "5.43"]
[White "Barcena Laguia Francisco"]
[Black "Garcia Andres Daniel"]
[Result "1-0"]
[WhiteElo "1963"]
[BlackElo "2039"]

1.d4 d6 2.e4 g6 3.c4 Bg7 4.Nc3 Nd7 5.Be3 c5 6.d5 Qb6 7.Rb1 Ne5 8.Na4 Qa6 9.b3
f5 10.f3 fxe4 11.fxe4 Ng4 12.Qd2 N8f6 13.Bd3 Nxe3 14.Qxe3 Ng4 15.Qe2 Qa5+ 16.
Qd2 Qxd2+ 17.Kxd2 Nf2 18.Nf3 Nxh1 19.Rxh1 O-O 20.h3 Bd7 21.Nc3 a6 22.a4 g5 23.
e5 dxe5 24.Ne4 b6 25.Nexg5 Bh6 26.h4 Bf5 27.Nxe5 Bxd3 28.Kxd3 Bxg5 29.hxg5 Rf5
30.Nf3 Raf8 31.Rh6 Rb8 32.Re6 Kf8 33.Rh6 Kg7 34.Re6 Rb7 35.Ke4 Rf8 36.Ke3 b5
37.Rxa6 bxa4 38.bxa4 Rb3+ 39.Kf2 Rb4 40.Ke3 Rxc4 41.Ra7 Re8 42.d6 Kf8 43.d7
Rd8 44.Ne5 Rd4 45.Rc7 Rd5 46.Ke4 e6 47.g6 hxg6 48.Nxg6+ Kf7 49.Ne5+ Ke7 50.
Nc6+ Kd6 51.Nxd8 Kxc7 52.Nxe6+ 1-0

[Event "Campeonato de Aragon por Equipos 2009"]
[Site "Aragon"]
[Date "2009.02.28"]
[Round "5.44"]
[White "Campo Berdala Carlos"]
[Black "Gomez Calomarde Saul"]
[Result "0-1"]
[WhiteElo "1619"]
[BlackElo "1945"]

1.c4 Nf6 2.g3 c6 3.Bg2 d5 4.cxd5 cxd5 5.e3 Nc6 6.d4 Bf5 7.Ne2 e6 8.a3 Bd6 9.
Nbc3 Rb8 10.O-O b5 11.f3 Qb6 12.Kh1 Bg6 13.e4 dxe4 14.fxe4 Rd8 15.Bg5 Be7 16.
Be3 O-O 17.Bg1 Qb8 18.Qb3 Bh5 19.e5 Na5 20.Qc2 Nd7 21.Nf4 Bg6 22.Nxg6 hxg6 23.
Qe2 a6 24.b4 Nc4 25.Ne4 Qc7 26.Rac1 a5 27.Nd2 Bg5 28.Nxc4 Bxc1 29.Rxc1 bxc4
30.Rxc4 Qb6 31.Rc6 Qb8 32.bxa5 Qa7 33.Ra6 Qc7 34.Bf2 Nb8 35.Rb6 Qc1+ 36.Bf1
Nc6 0-1

[Event "Campeonato de Aragon por Equipos 2009"]
[Site "Aragon"]
[Date "2009.02.28"]
[Round "5.45"]
[White "Latorre Abad Fernando"]
[Black "Gracia Campo Carlos Alberto"]
[Result "1/2-1/2"]
[WhiteElo "2056"]
[BlackElo "2090"]

1.e4 d6 2.d4 Nf6 3.Nc3 g6 4.Bg5 Bg7 5.Qd2 O-O 6.O-O-O c6 7.Bh6 b5 8.Bxg7 Kxg7
9.Bd3 Nbd7 10.h4 h5 11.Nf3 Nb6 12.e5 Nfd5 13.Nxd5 Nxd5 14.Ng5 f6 15.exf6+ exf6
16.Nh3 Bxh3 17.Rxh3 f5 18.Re1 Qf6 19.c4 bxc4 20.Bxc4 Rae8 21.Rxe8 Rxe8 22.Bxd5
cxd5 23.Ra3 Re7 24.g3 Qe6 25.Re3 Qd7 26.Rxe7+ Qxe7 27.Qe3 Qc7+ 28.Kb1 Qc4 29.
b3 Qb4 30.Kb2 Kf7 31.Qc3 Qb5 32.Qc2 Ke6 33.Qc8+ Ke7 34.Qc7+ Ke6 35.f4 Qe2+ 36.
Qc2 Qe4 37.Qc8+ Ke7 38.Qc3 Kd7 39.a4 Qe2+ 40.Ka3 a6 41.Kb4 Qf1 42.Ka5 Qe2 43.
Qb4 Qd3 44.Qb7+ Ke6 45.Qc8+ Ke7 46.Qc7+ Ke6 47.Qb6 Qxg3 48.Kxa6 Qxf4 49.a5
Qxh4 50.Kb7 Qe7+ 51.Qc7 h4 52.a6 h3 53.a7 h2 54.a8=Q Qxc7+ 55.Kxc7 h1=Q 56.
Qg8+ 1/2-1/2

[Event "Campeonato de Aragon por Equipos 2009"]
[Site "Aragon"]
[Date "2009.02.28"]
[Round "5.46"]
[White "Veras Sanz Martin Marino"]
[Black "Cobo Garrido Diego Israel"]
[Result "1-0"]
[WhiteElo "2081"]
[BlackElo "2026"]

1.Nf3 d5 2.g3 Nf6 3.Bg2 c6 4.O-O Bg4 5.h3 Bh5 6.c4 e6 7.d3 Nbd7 8.Be3 Be7 9.
Qb3 Qc7 10.Nc3 dxc4 11.Qxc4 O-O 12.Rac1 Nb6 13.Qb3 Nfd5 14.Nxd5 Nxd5 15.Bc5
Rfd8 16.Bxe7 Qxe7 17.Rc4 f6 18.e4 Nb6 19.Rb4 Rxd3 20.Qxd3 Qxb4 21.b3 Bg6 22.
Nh4 Qe7 23.Rd1 e5 24.Nxg6 hxg6 25.a4 Rc8 26.a5 Na8 27.Qd7 Qxd7 28.Rxd7 Nc7 29.
Bf1 b6 30.Bc4+ Kh7 31.f4 b5 32.Bf7 c5 33.fxe5 fxe5 34.Kf2 a6 35.Ke3 Ne8 36.
Bxe8 Rxe8 37.Rc7 Re6 38.Rxc5 Kg8 39.Rc7 Kf8 40.Rb7 Rc6 41.Kd3 Rd6+ 42.Kc3 Rd4
43.Rb6 Ke7 44.Rxa6 b4+ 45.Kc2 Rxe4 46.Rxg6 Re2+ 47.Kd3 Rb2 48.Kc4 e4 49.Rg4
Re2 50.a6 e3 51.Re4+ 1-0

[Event "Campeonato de Aragon por Equipos 2009"]
[Site "Aragon"]
[Date "2009.02.28"]
[Round "5.47"]
[White "Gimeno Diaz Fernando"]
[Black "Galve Guinea Alejandro"]
[Result "0-1"]
[WhiteElo "1890"]
[BlackElo "1956"]

1.d4 Nf6 2.Nf3 e6 3.c4 Bb4+ 4.Nc3 c5 5.Bd2 O-O 6.e3 d6 7.Bd3 Nc6 8.O-O e5 9.d5
Ne7 10.Ne4 (10.Qc2 Bd7 11.a3 Ba5 12.Ng5 Ng6 13.Rab1 Ng4 14.Nge4 f5) 10...Bxd2
11.Nfxd2 (11.Nxf6+ gxf6 12.Nxd2 f5 13.Qh5 e4 14.Bc2) 11...Nxe4 12.Nxe4 f5 13.
Nc3 Ng6 (13...e4 14.Be2 Ng6 15.f3 Qe7 16.fxe4 Qg5 17.Rf3 Ne5 18.Rg3 Qh4 19.Nb5
Qe7 20.exf5 Bxf5 21.Nc3) 14.f4 Qe7 15.Qd2 Bd7 16.a3 Rae8 17.b4 exf4 18.exf4
Qe3+ 19.Qxe3 Rxe3 20.Rad1 Rfe8 21.bxc5 dxc5 22.Nb5 Bxb5 23.cxb5 Nf8 {Puede que sea mejor Axf5 como comentamos después de la partida.}
24.a4 (24.Bxf5 Rxa3 25.Ra1 Rb3 26.Rfb1 Rxb1+ 27.Bxb1) 24...g6 25.Kf2 Nd7 26.
Rfe1 $2 (26.b6 Nxb6 (26...a6 27.d6 Nxb6 (27...Kf8 28.Rd2) 28.d7 Nxd7 29.Bc4+)
27.Bb5 R8e4 28.a5 Nc8 29.d6 Nxd6 30.Rxd6) 26...Rxe1 27.Rxe1 Rxe1 28.Kxe1 Kf7
29.a5 Ke7 30.Kd2 Kd6 31.Be2 b6 32.Kc3 bxa5 33.Kb3 Nb6 34.g3 a4+ 35.Ka3 Kxd5
36.Bf3+ Kd4 37.g4 fxg4 38.Bxg4 Ke4 39.Be6 Kxf4 40.Bg8 h6 41.Bh7 g5 42.Bc2 Kg4
43.Bxa4 Nxa4 44.Kxa4 Kh3 45.Ka5 g4 46.Ka6 c4 47.Kxa7 c3 48.b6 c2 49.b7 c1=Q
50.b8=Q Qa1+ 51.Kb7 Qb1+ 52.Ka7 Qxb8+ 53.Kxb8 Kxh2 0-1

[Event "Campeonato de Aragon por Equipos 2009"]
[Site "Aragon"]
[Date "2009.02.28"]
[Round "5.48"]
[White "Labrador Postigo Francisco"]
[Black "Gayan Carceller Miguel Angel"]
[Result "1/2-1/2"]
[WhiteElo "1953"]
[BlackElo "1888"]

1.d4 d5 2.Nf3 Nf6 3.c4 e6 4.Bg5 Nbd7 5.cxd5 exd5 6.Nc3 Be7 7.e3 O-O 8.Bd3 c6
9.O-O Re8 10.Qc2 Nf8 11.h3 Ng6 12.Bxf6 Bxf6 13.b4 a6 14.a4 b5 15.axb5 cxb5 16.
Bxb5 Re6 17.Qb3 Rb6 18.Rfc1 Be6 19.Bd3 Be7 20.b5 axb5 21.Rxa8 Qxa8 22.Bxb5 Qa5
23.Qa4 Bb4 24.Qxa5 Bxa5 25.Bf1 Rc6 26.Ne2 Ne7 27.Ra1 Bb4 28.Ne5 Rc8 29.Nf4 Bf5
30.g4 Be4 31.Nfd3 Bd6 32.Ra7 f6 33.f3 Bxd3 34.Nxd3 Nc6 35.Ra6 Be7 36.Nf4 Nb4
37.Ra7 Bd6 38.Nd3 Rc3 39.Nxb4 Bxb4 40.Rb7 Ba3 41.Kf2 Bc1 42.e4 dxe4 43.d5 e3+
44.Ke2 Rc8 45.Kd3 Rd8 46.Rb5 Kf8 47.Kd4 Ke7 48.Rb7+ Rd7 1/2-1/2

[Event "Campeonato de Aragon por Equipos 2009"]
[Site "Aragon"]
[Date "2009.02.28"]
[Round "5.49"]
[White "Lopez Gracia Fernando"]
[Black "Malo Guillen Jose Luis"]
[Result "1-0"]
[WhiteElo "2297"]
[BlackElo "2162"]

1.c4 e5 2.g3 Nf6 3.Bg2 c6 4.d4 exd4 5.Qxd4 d5 6.cxd5 cxd5 7.Nf3 Nc6 8.Qa4 Be7
9.O-O O-O 10.Nc3 Re8 11.Be3 Bf8 12.Bd4 Ne4 13.Rad1 Nxc3 14.Bxc3 Rxe2 15.Qb5
Re8 16.Rxd5 Qc7 17.Ng5 h6 18.Ne4 Be6 19.Rg5 $3 Red8 20.Nf6+ Kh8 21.Rh5 Nd4 22.
Qd3 Nf5 23.Qe4 gxf6 24.Rxf5 Bxf5 25.Qxf5 Bg7 26.Be4 Kg8 27.Bb4 Rd6 28.Kg2 Rad8
29.Rd1 Kf8 30.Rxd6 Rxd6 31.Bxd6+ Qxd6 32.Qc8+ Ke7 33.Qxb7+ Qd7 34.Qb4+ Qd6 35.
Qa4 Qc5 36.b4 Qd4 37.Qc6 Qxb4 38.Qc7+ Ke6 39.Bd3 Bf8 40.Bc4+ Kf5 41.Qxf7 Qd6
42.Qh5+ Ke4 43.Qg4+ 1-0

[Event "Campeonato de Aragon por Equipos 2009"]
[Site "Aragon"]
[Date "2009.02.28"]
[Round "5.50"]
[White "Alonso Blasco Jose Miguel"]
[Black "Gimenez Martinez Alberto"]
[Result "0-1"]
[WhiteElo "2098"]
[BlackElo "2090"]

1.e4 e5 2.Nf3 Nc6 3.Bb5 a6 4.Bxc6 dxc6 5.O-O f6 6.d4 Bg4 7.dxe5 Qxd1 8.Rxd1
fxe5 9.Rd3 Bd6 10.Nbd2 b5 11.b3 Nf6 12.Bb2 Nd7 13.h3 Bh5 14.Nh4 O-O 15.Nf5 Nc5
16.Rg3 Bg6 17.Nxd6 cxd6 18.Re1 a5 19.Rc3 b4 20.Rce3 a4 21.f3 Bf7 22.a3 axb3
23.axb4 Na4 24.Bc3 b2 25.Nb3 Bxb3 26.Bxb2 Bxc2 27.Bxe5 dxe5 28.Rc1 Rab8 29.
Rxc2 Rfc8 30.Rb3 Rb5 31.Ra2 Nc5 32.Rc3 Ne6 33.Rc4 Nd4 34.f4 Ne6 35.fxe5 Rxe5
36.h4 Rb5 37.Ra7 c5 38.Re7 Nf4 39.g3 Ng6 40.Ra7 Rxb4 41.Ra4 Rxa4 42.Rxa4 c4
43.Ra2 c3 44.Rc2 Kf7 45.Kf2 Ke6 46.Ke3 Ke5 47.Kd3 Nf8 0-1